LEADER 01799nam0 22003853i 450 001 VAN0253209 005 20231214032036.491 010 $a978-88-08-67012-0 100 $a20230116d2018 |0itac50 ba 101 $aita 102 $aIT 105 $a|||| ||||| 200 1 $aFondamenti di chimica generale$fPeter Atkins, Loretta Jones, Leroy Laverman 205 $a2. ed. italiana condotta sulla 7. ed. americana di Principi di chimica 210 $aBologna$cZanichelli$d2018 215 $aXII, 793, 10 p.$cill.$d29 cm 300 $aTraduzione: Silvia Cacciari, Davide Ceratti, Andrea Renzetti 620 $dBologna$3VANL000003 676 $a540$cChimica generale$v22 700 1$aAtkins$bPeter$3VANV014300$062922 701 1$aJones$bLoretta$3VANV014301$062341 701 1$aLaverman$bLeroy$3VANV206502$0762045 702 1$aCacciari$bSilvia$3VANV206460 702 1$aCeratti$bDavide$3VANV206503 702 1$aRenzetti$bAndrea$3VANV206504 712 $aZanichelli $3VANV110843$4650 801 $aIT$bSOL$c20240621$gRICA 856 4 $u/sebina/repository/catalogazione/documenti/a03.9788808670120.pdf$za03.9788808670120.pdf 856 4 $uhttps://prestitodigitale.zanichelli.it/app/api/resource/choice/529$zPer l'accesso al full-text: accedere al link, inserire le credenziali del Wi-Fi di Ateneo e seguire le istruzioni 899 $aBIBLIOTECA DEL DIPARTIMENTO DI SCIENZE E TECNOLOGIE AMBIENTALI BIOLOGICHE E FARMACEUTICHE$1IT-CE0101$2VAN17 912 $fN 912 $aVAN0253209 950 $aBIBLIOTECA DEL DIPARTIMENTO DI SCIENZE E TECNOLOGIE AMBIENTALI BIOLOGICHE E FARMACEUTICHE$d17CONS e-book Zanichelli 2882 $e17OM 2882/49 49 20230116 $sBuono 996 $aFondamenti di chimica generale$91551489 997 $aUNICAMPANIA LEADER 01308nam0 22003133i 450 001 VAN00288801 005 20250311090029.990 017 70$2N$a9783031625978 100 $a20250311d2024 |0itac50 ba 101 $aeng 102 $aCH 105 $a|||| ||||| 181 $ai$b e 182 $ab 200 1 $aˆThe ‰Psychology of Multiculturalism, Assimilation, and Omniculturalism$eManaging Diversity in Global Context$fFathali M. Moghaddam 210 $a Cham$cSpringer$d2024 215 $aXVII, 124 p.$d24 cm 410 1$1001VAN00122038$12001 $aSpringerBriefs in Psychology$1210 $aCham$cSpringer$d2012- 620 $aCH$dCham$3VANL001889 700 1$aMoghaddam$bFathali M.$3VANV036944$0726775 712 $aSpringer $3VANV108073$4650 801 $aIT$bSOL$c20250314$gRICA 856 4 $uhttps://doi.org/10.1007/978-3-031-62597-8$zE-book ? Accesso al full-text attraverso riconoscimento IP di Ateneo, proxy e/o Shibboleth 899 $aBIBLIOTECA CENTRO DI SERVIZIO SBA$2VAN15 912 $fN 912 $aVAN00288801 950 $aBIBLIOTECA CENTRO DI SERVIZIO SBA$d15CONS SBA EBOOK 14702 $e15EB 14702 20250311 996 $aPsychology of Multiculturalism, Assimilation, and Omniculturalism$94325678 997 $aUNICAMPANIA